[Event "It"]
[Site "masterchessopen.com Leningrad (Russia)"]
[Round "0"]
[White "Vladimirov Boris T (RUS)"]
[Black "Szabo Laszlo (HUN)"]
[Result "1-0"]
[WhiteElo "2340"]
[BlackElo "1903"]

1.d4 Nf6 2.c4 e6 3.Nc3 Bb4 4.a3 Bxc3+ 5.bxc3 c5 6.f3 d5 7.cxd5 exd5 8.e3 Bf5
9.Ne2 c4 10.g4 Bd3 11.Ng3 Bxf1 12.Kxf1 Nc6 13.e4 dxe4 14.fxe4 Qd7 15.h3 O-O
16.Qf3 b5 17.Bf4 a5 18.Nf5 Ne7 19.Bg5 Ra6 20.Nxe7+ Qxe7 21.e5 {#r} 1-0

[Event "It"]
[Site "masterchessopen.com Monaco"]
[Round "0"]
[White "Forintos Gyozo V (HUN)"]
[Black "Smyslov Vassily (RUS)"]
[Result "0-1"]
[WhiteElo "2317"]
[BlackElo "2494"]

1.d4 Nf6 2.c4 e6 3.Nc3 Bb4 4.f3 d5 5.a3 Bxc3+ 6.bxc3 c5 7.cxd5 Nxd5 8.dxc5 Qa5
9.e4 Ne7 10.Ne2 O-O 11.Qd6 Nbc6 12.Be3 Rd8 13.Qg3 e5 14.Bg5 Rd3 15.h4 Kf8
16.h5 h6 17.Bxe7+ Nxe7 18.Qxe5 Nc6 19.Qh2 Qxc5 20.Qg1 Qa5 21.Kf2 Be6 22.Qh2
Qc5+ 23.Kg3 Qg5+ 24.Kf2 Qe3+ 25.Kg3 Ne5 26.Qh4 Ng4 27.Nd4 Rxd4 28.cxd4 Qf2+
29.Kf4 Qd2+ 30.Kg3 Qf2+ 31.Kf4 Qxd4 32.fxg4 Qxa1 33.Ba6 Qc3 34.Be2 Qxa3 35.Rd1
Qe7 36.Qxe7+ Kxe7 37.Rb1 b6 38.g5 hxg5+ 39.Kxg5 a5 40.Rxb6 a4 41.e5 a3 42.Rb7+
Kf8 43.Rb1 a2 44.Ra1 Ra4 45.h6 gxh6+ 46.Kxh6 Re4 47.Bf3 Rb4 {#R} 0-1

[Event "Tournament"]
[Site "masterchessopen.com Moscow (Russia)"]
[Round "0"]
[White "Ageichenko Genadi A (RUS)"]
[Black "Smyslov Vassily (RUS)"]
[Result "0-1"]
[WhiteElo "2343"]
[BlackElo "2494"]

1.d4 Nf6 2.c4 e6 3.Nc3 Bb4 4.a3 Bxc3+ 5.bxc3 c5 6.f3 d5 7.cxd5 Nxd5 8.dxc5 Qa5
9.e4 Nc7 10.Qd4 f6 11.Bc4 e5 12.Qd3 Be6 13.Rb1 Nd7 14.Bxe6 Nxc5 15.Qc4 N7xe6
16.Ne2 b6 17.f4 Qa4 18.Rb4 Qd7 19.O-O O-O-O 20.Be3 Qd3 21.Bxc5 Nxc5 22.fxe5
fxe5 23.Qxd3 Rxd3 24.a4 Rd2 25.Ng3 Ra2 26.Nf5 Rd8 27.Ne7+ Kb7 28.Nd5 Rd7 29.h4
Nxa4 30.h5 Nc5 31.h6 gxh6 32.Rf6 Rg7 {#R} 0-1

[Event "?"]
[Site "masterchessopen.com URS"]
[Round "0"]
[White "Butnorius Algimantas (LTU)"]
[Black "Kaunas Kestutis (LTU)"]
[Result "1-0"]
[WhiteElo "2388"]
[BlackElo "2254"]

1.c4 Nf6 2.d4 e6 3.Nc3 Bb4 4.a3 Bxc3+ 5.bxc3 c5 6.f3 d5 7.cxd5 Nxd5 8.dxc5 O-O
9.e4 Nc7 10.Bf4 Qf6 11.Bxc7 Qxc3+ 12.Ke2 Qb2+ 13.Kd3 Na6 14.Bd6 Nxc5+ 15.Ke3
Rd8 16.e5 Bd7 17.Qc1 Qb3+ 18.Kf2 Na4 19.Ne2 Rac8 20.Qe3 Nc3 21.Nxc3 Rxc3
22.Qg5 Rdc8 23.Kg3 Rc2 24.Rd1 h6 25.Qe7 Qe3 26.Qh4 Bb5 27.Kh3 Bxf1 28.Rhxf1
R8c4 29.Qg3 g5 30.f4 Qe2 31.Rf3 Qxd1 32.fxg5 h5 33.g6 Rg4 34.gxf7+ Kh7 35.f8=Q
Rxg3+ 36.Rxg3 {#r} 1-0

[Event "Ch Poland (team)"]
[Site "masterchessopen.com Wroclaw (Poland)"]
[Round "6"]
[White "Kwasniewski Zdzislaw (POL)"]
[Black "Jamroz Zbigniew (POL)"]
[Result "1-0"]
[WhiteElo "2213"]
[BlackElo "2179"]

1.d4 Nf6 2.c4 e6 3.Nc3 Bb4 4.a3 Bxc3+ 5.bxc3 c5 6.f3 d5 7.cxd5 Nxd5 8.dxc5 Qa5
9.e4 Ne7 10.Be3 Qxc3+ 11.Kf2 Nbc6 12.Ne2 Qa5 13.Nd4 Nxd4 14.Qxd4 O-O 15.Bd2
Qd8 16.Qxd8 Rxd8 17.Ba5 Rd4 18.Bb5 Nc6 19.Ke3 Nxa5 20.Kxd4 Nb3+ 21.Ke5 Nxa1
22.Rd1 Kf8 {#r} 1-0

[Event "Ch Armed Forces"]
[Site "masterchessopen.com Leningrad (Russia)"]
[Round "0"]
[White "Vitolins Alvis (LAT)"]
[Black "Gerasimov N (RUS)"]
[Result "0-1"]
[WhiteElo "2435"]
[BlackElo "2355"]

1.d4 Nf6 2.c4 e6 3.Nc3 Bb4 4.a3 Bxc3+ 5.bxc3 c5 6.f3 d5 7.cxd5 Nxd5 8.dxc5 f5
9.Qc2 O-O 10.e4 fxe4 11.fxe4 Qh4+ 12.g3 Qf6 13.Bd3 Qxc3+ 14.Qxc3 Nxc3 15.Bf4
Rd8 16.Bc2 Bd7 17.Nf3 Na6 18.Be5 Ba4 19.Bxa4 Nxa4 20.O-O N6xc5 21.Ng5 Rd7 {#R}
0-1

[Event "It"]
[Site "masterchessopen.com Lublin (Poland)"]
[Round "7"]
[White "Knezevic Milorad (SRB)"]
[Black "Jamroz Zbigniew (POL)"]
[Result "1-0"]
[WhiteElo "2212"]
[BlackElo "2179"]

1.d4 Nf6 2.c4 e6 3.Nc3 Bb4 4.a3 Bxc3+ 5.bxc3 c5 6.f3 d5 7.cxd5 Nxd5 8.Qd3 Nc6
9.e4 Nde7 10.Be3 O-O 11.Be2 Qa5 12.Bd2 Rd8 13.c4 Qa4 14.d5 Nd4 15.Bd1 Qa6
16.Qc3 e5 17.Ne2 Qg6 18.O-O b6 19.Ng3 h5 20.f4 h4 21.f5 Qh7 22.Nh5 Nexf5
23.exf5 Bxf5 24.Bg5 Rd6 25.Qe1 Rg6 26.Qxh4 f6 27.Bxf6 gxf6 28.Nxf6+ Rxf6
29.Qxf6 Re8 30.Qg5+ Kh8 31.Ra2 Bd3 32.Rf6 {#r} 1-0

[Event "It"]
[Site "masterchessopen.com Buesum (Germany)"]
[Round "12"]
[White "Gerusel Mathias (GER)"]
[Black "Szabo Laszlo (HUN)"]
[Result "0-1"]
[WhiteElo "2239"]
[BlackElo "1903"]

1.d4 Nf6 2.c4 e6 3.Nc3 Bb4 4.a3 Bxc3+ 5.bxc3 c5 6.f3 d5 7.cxd5 Nxd5 8.dxc5 f5
9.c4 Qf6 10.Bd2 Nc3 11.Qc1 Na4 12.Rb1 Nc6 13.Be3 Qe7 14.Nh3 Nxc5 15.Nf4 O-O
16.g3 b6 17.Bg2 Rd8 18.Qc3 Ba6 19.Nd3 Rac8 20.Nb4 Bb7 21.O-O Na5 22.Rfc1 Nd7
23.Qd4 Nf8 24.Qa1 Nxc4 25.Bd4 Ng6 26.h4 e5 27.Bc3 f4 28.h5 fxg3 29.hxg6 Qc5+
30.Kh1 e4 31.Be5 exf3 32.exf3 Rd2 33.Rb3 Qxe5 34.Qxe5 Nxe5 35.gxh7+ Kxh7
36.Re1 a5 37.Rbe3 axb4 38.Rxe5 Rcc2 39.Rh5+ {#R} 0-1

[Event "?"]
[Site "masterchessopen.com Hungary"]
[Round "0"]
[White "Portisch Lajos (HUN)"]
[Black "Nagy Ervin (HUN)"]
[Result "1-0"]
[WhiteElo "2523"]
[BlackElo "2269"]

1.d4 Nf6 2.c4 e6 3.Nc3 Bb4 4.f3 d5 5.a3 Bxc3+ 6.bxc3 c5 7.cxd5 Nxd5 8.dxc5 f5
9.Qc2 f4 10.g3 Nc6 11.e4 fxe3 12.Bd3 Qa5 13.Ne2 Ne5 14.O-O Bd7 15.c4 Nf6
16.Bxe3 Ba4 17.Qc3 Qxc3 18.Nxc3 O-O-O 19.Be2 Bb3 20.Bf4 Nxc4 21.Rab1 Na5
22.Nb5 Rd5 23.Nxa7+ Kd7 24.Bb5+ Ke7 25.Bc7 Ra8 26.Bxa5 Rxa7 27.Bb4 {#r} 1-0

[Event "Ch URS (1/2 final)"]
[Site "masterchessopen.com Kiev (Ukraine)"]
[Round "0"]
[White "Khodos German (RUS)"]
[Black "Platonov Igor V (RUS)"]
[Result "0-1"]
[WhiteElo "2200"]
[BlackElo "2430"]

1.d4 Nf6 2.c4 e6 3.Nc3 Bb4 4.a3 Bxc3+ 5.bxc3 c5 6.f3 d5 7.cxd5 Nxd5 8.dxc5 f5
9.e4 fxe4 10.Qc2 e3 11.Bd3 Nd7 12.g3 Qf6 13.Bb2 Nxc5 14.Rd1 Ne7 15.c4 e5
16.Qe2 Bf5 17.Bxf5 Nxf5 18.Rd5 Ne6 19.Bxe5 Qh6 20.Bd6 O-O-O 21.c5 Nxd6 22.cxd6
Nc7 23.Qc4 Rxd6 24.Rc5 Rhd8 25.Kf1 Rd2 26.Rxc7+ Kb8 27.Rc5 g5 28.Qc3 Qa6+
29.Qc4 Rc2 {#R} 0-1

[Event "Ch Great Britain"]
[Site "masterchessopen.com Rhyl (England)"]
[Round "9"]
[White "Hempson Peter W (ENG)"]
[Black "Gavrilovic Mikhail"]
[Result "1-0"]
[WhiteElo "2085"]
[BlackElo "2200"]

1.d4 Nf6 2.c4 e6 3.Nc3 Bb4 4.a3 Bxc3+ 5.bxc3 c5 6.f3 d5 7.cxd5 exd5 8.e3 O-O
9.Bd3 Re8 10.Ne2 b6 11.O-O Ba6 12.Bb1 Nc6 13.Re1 Qd7 14.Ng3 Rad8 15.Ra2 Na5
16.Rf2 Nc4 17.Bd3 Bb5 18.Nf5 Ba4 19.Qe2 Nd6 20.Nxd6 Qxd6 21.e4 Nd7 22.e5 Qe6
23.f4 f5 24.g4 Rf8 25.gxf5 Rxf5 26.Qg4 Rdf8 27.Rg2 g6 28.h4 c4 29.Bb1 Nb8
30.h5 Kf7 31.hxg6+ hxg6 32.Bxf5 Qxf5 33.e6+ Ke7 34.Qh4+ Qf6 35.Qh7+ Kd6
36.Qxa7 Qh4 37.Qxb6+ Bc6 38.Rf1 Rh8 39.Qc5+ Kc7 40.Qa5+ Kd6 41.Qc5+ Kxe6
42.f5+ Kd7 43.Bg5 Qh1+ 44.Kf2 Qh7 45.Qa7+ Kc8 46.Qxh7 Rxh7 47.fxg6 {#r} 1-0

[Event "Ch OWL"]
[Site "masterchessopen.com Steinheim (Germany)"]
[Round "3"]
[White "Hildenbrand Peter (GER)"]
[Black "Soelter Reinhold (GER)"]
[Result "0-1"]
[WhiteElo "2227"]
[BlackElo "2072"]

1.d4 Nf6 2.c4 e6 3.Nc3 Bb4 4.a3 Bxc3+ 5.bxc3 c5 6.f3 d5 7.cxd5 Nxd5 8.dxc5 f5
9.Nh3 Qa5 10.Qd2 Qxc5 11.c4 Nb6 12.Bb2 O-O 13.Rc1 Nc6 14.Qg5 e5 15.Nf4 Qe3
16.Ne6 Qxg5 17.Nxg5 h6 18.Nh3 Be6 19.e3 Na4 20.Ba1 Nc5 21.Bc3 a5 22.Be2 f4
23.e4 Bxh3 24.gxh3 Rfd8 25.O-O Nd4 26.Kf2 Nxe2 27.Kxe2 Rd3 28.Rc2 Re3+ 29.Kf2
Ra6 30.Kg2 Nd3 31.Kh1 a4 32.c5 Rc6 33.Bb4 Kh7 34.Rc3 Rg6 35.Rc2 Rc6 36.Rd2 h5
37.Rfd1 Ne1 38.Rd5 Nxf3 39.Rd7 Re2 {#R} 0-1

[Event "Ch World (juniors)"]
[Site "masterchessopen.com Stockholm (Sweden)"]
[Round "5"]
[White "Ligterink Gert (NED)"]
[Black "Harandi Khosro (IRI)"]
[Result "1-0"]
[WhiteElo "2405"]
[BlackElo "2377"]

1.d4 Nf6 2.c4 e6 3.Nc3 Bb4 4.f3 d5 5.a3 Bxc3+ 6.bxc3 c5 7.cxd5 exd5 8.e3 Qa5
9.Bd2 O-O 10.Bd3 Bd7 11.a4 Nc6 12.Ne2 Rfe8 13.O-O Qc7 14.Ng3 Rad8 15.Qb1 Bc8
16.Qb2 b6 17.Rae1 Bb7 18.Bc1 Qd7 19.Rd1 Na5 20.Rfe1 Bc6 21.Bf5 Qb7 22.Qc2 Qa6
23.e4 Qc4 24.e5 Bxa4 25.Qd2 Bxd1 26.Rxd1 Nd7 27.Nh5 Nxe5 28.dxe5 Qh4 29.Qg5
Qxg5 30.Bxg5 Rxe5 31.Bxd8 Rxf5 32.Ng3 Re5 33.f4 Re3 34.Rxd5 f6 35.Rd7 Nc6
36.Nf5 Rxc3 37.Rxg7+ Kh8 38.Bxf6 Rc1+ 39.Kf2 {#r} 1-0

[Event "?"]
[Site "masterchessopen.com Portoroz (Slovenia)"]
[Round "0"]
[White "Deze Anton (YUG)"]
[Black "Komljenovic Davor (CRO)"]
[Result "0-1"]
[WhiteElo "2400"]
[BlackElo "2451"]

1.d4 Nf6 2.c4 e6 3.Nc3 Bb4 4.a3 Bxc3+ 5.bxc3 c5 6.f3 d5 7.cxd5 Nxd5 8.Qc2 f5
9.e3 O-O 10.Bd3 f4 11.exf4 cxd4 12.Ne2 dxc3 13.Bxh7+ Kh8 14.Be4 Nc6 15.Rb1
Qh4+ 16.g3 Qh3 17.Kf2 Nf6 18.Bd3 e5 19.Qxc3 Bf5 20.Bxf5 Qxf5 21.Rb5 Rad8
22.Bb2 Rd3 23.Qc4 Rfd8 24.Bxe5 Qh5 25.g4 Qh3 26.Ng3 Rd2+ 27.Ke3 Qg2 28.Bxf6
Re8+ 29.Be5 Qf2+ 30.Ke4 Rd4+ {#R} 0-1

[Event "Olympiad"]
[Site "masterchessopen.com Skopje (Macedonia)"]
[Round "5"]
[White "Diez Del Corral Jesus (ESP)"]
[Black "Jakobsen Ole (DEN)"]
[Result "1-0"]
[WhiteElo "2470"]
[BlackElo "2440"]

1.d4 Nf6 2.c4 e6 3.Nc3 Bb4 4.a3 Bxc3+ 5.bxc3 c5 6.f3 d5 7.cxd5 Nxd5 8.dxc5 f5
9.Nh3 O-O 10.c4 Qh4+ 11.Nf2 Nf6 12.e3 Nc6 13.g3 Qh5 14.Bb2 Rd8 15.Nd3 e5
16.Be2 Qh6 17.Qc1 e4 18.Nf4 Nd7 19.O-O Nxc5 20.Qc2 b6 21.Rad1 Bb7 22.fxe4 Nxe4
23.Bf3 Ne7 24.c5 Kh8 25.Rxd8+ Rxd8 26.Rd1 Re8 27.Qc4 Nd5 28.Rxd5 Bxd5 29.Qxd5
Nxc5 30.Qf7 Rd8 31.Bd4 {#r} 1-0

[Event "It"]
[Site "masterchessopen.com Stary Smokovec (Slovakia)"]
[Round "7"]
[White "Pribyl Josef (CZE)"]
[Black "Timoscenko Gennadij (SVK)"]
[Result "1-0"]
[WhiteElo "2450"]
[BlackElo "2483"]

1.d4 Nf6 2.c4 e6 3.Nc3 Bb4 4.a3 Bxc3+ 5.bxc3 c5 6.f3 d5 7.cxd5 Nxd5 8.dxc5 Qa5
9.e4 Ne7 10.Be3 Qxc3+ 11.Kf2 O-O 12.Ne2 Qa5 13.h4 e5 14.h5 Nbc6 15.Qc1 Be6
16.Rb1 Rab8 17.g4 b5 18.cxb6 axb6 19.h6 g6 20.Qb2 f5 21.gxf5 gxf5 22.Rg1+ Ng6
23.Bh3 Kh8 24.Bxb6 Qa6 25.Rgc1 fxe4 26.Bxe6 Rxf3+ 27.Ke1 Rbf8 28.Bc4 e3 29.Nf4
Qc8 30.Nxg6+ hxg6 31.Qg2 Qf5 32.Rb2 Qf4 33.Be2 Rf2 34.Qh3 Rh2 35.Qxe3 Rh1+
36.Kd2 Rxc1 37.Qxf4 exf4 38.Kxc1 f3 39.Bb5 Ne5 40.Bd4 Rf5 41.Rf2 Kh7 42.Bxe5
{#r} 1-0

[Event "Ch Hungary"]
[Site "masterchessopen.com Budapest (Hungary)"]
[Round "0"]
[White "Petran Pal (HUN)"]
[Black "Farago Ivan (HUN)"]
[Result "0-1"]
[WhiteElo "2384"]
[BlackElo "2440"]

1.d4 e6 2.c4 Nf6 3.Nc3 Bb4 4.a3 Bxc3+ 5.bxc3 c5 6.f3 d5 7.cxd5 Nxd5 8.dxc5 f5
9.Qc2 O-O 10.e4 fxe4 11.fxe4 Qh4+ 12.g3 Qf6 13.Bg2 Qxc3+ 14.Qxc3 Nxc3 15.Bf4
Bd7 16.Ne2 Na4 17.Bd6 Rc8 18.e5 Bc6 19.Bxc6 Nxc6 20.O-O Na5 21.Rf4 Nxc5
22.Raf1 b6 23.Nd4 h6 24.Nb5 Nab7 25.Nc7 Rab8 26.Rf7 Nxd6 27.exd6 Rf8 28.Re7
Rxf1+ 29.Kxf1 Rd8 30.Nxe6 Nxe6 31.Rxe6 Rd7 32.Re3 Kf7 33.Rc3 Ke6 34.Kf2 Kxd6
35.Kf3 Re7 36.h4 b5 37.Rc8 Rc7 38.Rb8 Kc5 39.Kg4 Kc4 40.Kh5 a5 {#R} 0-1

[Event "Ch Hungary"]
[Site "masterchessopen.com Budapest (Hungary)"]
[Round "0"]
[White "Petran Pal (HUN)"]
[Black "Lengyel Levente (HUN)"]
[Result "1-0"]
[WhiteElo "2384"]
[BlackElo "2450"]

1.d4 Nf6 2.c4 e6 3.Nc3 Bb4 4.a3 Bxc3+ 5.bxc3 c5 6.f3 d5 7.cxd5 Nxd5 8.dxc5 f5
9.Qc2 Qh4+ 10.g3 Qf6 11.e4 fxe4 12.fxe4 O-O 13.Bd3 Qxc3+ 14.Qxc3 Nxc3 15.Bf4
Bd7 16.Bd6 Rc8 17.Nf3 Na4 18.Rc1 Nb2 19.Be2 Bc6 20.Rc2 Na4 21.Bc4 Re8 22.Ng5
Bd7 23.O-O h6 24.Nh3 Nc6 25.Rcf2 Na5 26.Rf7 Nxc4 27.Rxd7 Nxd6 28.cxd6 Nc5
29.Rc7 Rec8 30.Rff7 Rxc7 31.Rxc7 Nxe4 32.d7 Nd6 33.Nf4 {#r} 1-0

[Event "?"]
[Site "masterchessopen.com URS"]
[Round "0"]
[White "Sakovich Igor (LAT)"]
[Black "Shmit Anatoly (LAT)"]
[Result "0-1"]
[WhiteElo "2210"]
[BlackElo "2200"]

1.d4 Nf6 2.c4 e6 3.Nc3 Bb4 4.a3 Bxc3+ 5.bxc3 c5 6.f3 d5 7.cxd5 Nxd5 8.dxc5 f5
9.e4 fxe4 10.Qc2 O-O 11.fxe4 Qh4+ 12.g3 Qf6 13.Bg2 Qxc3+ 14.Qxc3 Nxc3 15.Bf4
Bd7 16.Ne2 Na4 17.Bd6 Rc8 18.e5 Bc6 19.Bxc6 Nxc6 20.O-O Na5 21.Rf4 Nxc5
22.Raf1 b6 23.Nd4 h6 24.Rf7 Nab7 25.Re7 Re8 26.Bxc5 Nxc5 27.Rc7 Rec8 28.Re7
Rf8 29.Rxf8+ Kxf8 30.Rc7 Rd8 31.Rxc5 bxc5 32.Nxe6+ Ke7 33.Nxd8 Kxd8 34.Kf2 Ke7
35.Ke3 Ke6 36.Ke4 h5 37.a4 a5 38.h3 g5 39.h4 g4 40.Kf4 c4 41.Ke4 c3 42.Kd3
Kxe5 43.Kxc3 Ke4 {#R} 0-1

[Event "It (open)"]
[Site "masterchessopen.com Bad Mondorf (Germany)"]
[Round "5"]
[White "Kirsch Gerard (LUX)"]
[Black "Pritchett Craig W (SCO)"]
[Result "0-1"]
[WhiteElo "1957"]
[BlackElo "2350"]

1.d4 Nf6 2.c4 e6 3.Nc3 Bb4 4.a3 Bxc3+ 5.bxc3 c5 6.f3 d5 7.cxd5 Nxd5 8.dxc5 Qa5
9.e4 Ne7 10.Qd2 O-O 11.c4 Qxc5 12.a4 Qc7 13.Bb2 e5 14.f4 Nbc6 15.Nf3 exf4
16.Be2 Ng6 17.O-O Rd8 18.Qc3 f6 19.Rad1 Be6 20.Nd4 Nxd4 21.Rxd4 Rxd4 22.Qxd4
Rd8 23.Qc3 Qc5+ 24.Kh1 Qe3 25.Qxe3 fxe3 26.Bc3 Ne5 27.Rb1 Bxc4 28.Bxe5 Bxe2
29.Bf4 Bd3 30.Rxb7 e2 {#R} 0-1

[Event "It"]
[Site "masterchessopen.com Sunny Beach (Bulgaria)"]
[Round "0"]
[White "Slavov Dimcho (BUL)"]
[Black "Bobotsov Milko G (BUL)"]
[Result "0-1"]
[WhiteElo "2225"]
[BlackElo "2405"]

1.d4 Nf6 2.c4 e6 3.Nc3 Bb4 4.a3 Bxc3+ 5.bxc3 c5 6.f3 d5 7.cxd5 exd5 8.e3 O-O
9.Bd3 Nh5 10.Qc2 f5 11.Qf2 b6 12.Ne2 Ba6 13.Bxa6 Nxa6 14.O-O Nc7 15.Ng3 Nxg3
16.Qxg3 Nb5 17.a4 Nxc3 18.Kh1 cxd4 19.Bb2 Rc8 20.Qe5 Qf6 21.exd4 Rfe8 22.Qf4
Ne2 23.Qd2 Qh6 24.Qxh6 gxh6 25.a5 Rc2 26.Ba3 Nxd4 27.axb6 axb6 28.Rad1 Nb5
29.Bc1 Nc3 30.Rde1 Rxe1 31.Rxe1 h5 32.h4 b5 33.Bg5 Re2 34.Ra1 Ra2 35.Re1 Ra7
36.Re8+ Kg7 37.Rc8 b4 38.Rc5 b3 {#R} 0-1

[Event "?"]
[Site "masterchessopen.com URS"]
[Round "0"]
[White "Gutman Lev (GER)"]
[Black "Uusi Gunnar (EST)"]
[Result "1-0"]
[WhiteElo "2450"]
[BlackElo "2410"]

1.d4 Nf6 2.c4 e6 3.Nc3 Bb4 4.a3 Bxc3+ 5.bxc3 c5 6.f3 d5 7.cxd5 Nxd5 8.dxc5 f5
9.Nh3 Qa5 10.e4 fxe4 11.Ng5 exf3 12.Qxf3 Rf8 13.Qd3 Nc6 14.Ne4 Nf6 15.Nd6+ Ke7
16.Be3 Rd8 17.Be2 b6 18.O-O bxc5 19.Rxf6 gxf6 20.Rd1 f5 21.Bg5+ Kf8 22.Bh6+
Ke7 23.Bg5+ Kf8 24.Qg3 {#r} 1-0

[Event "Ch Uruguay"]
[Site "masterchessopen.com Uruguay"]
[Round "0"]
[White "Belistri Ubaldo (URU)"]
[Black "Dienavorian Manuel (URU)"]
[Result "1-0"]
[WhiteElo "2051"]
[BlackElo "2280"]

1.d4 Nf6 2.c4 e6 3.Nc3 Bb4 4.a3 Bxc3+ 5.bxc3 c5 6.f3 d5 7.cxd5 Nxd5 8.dxc5 f5
9.Qc2 Qa5 10.e4 fxe4 11.fxe4 Qxc3+ 12.Qxc3 Nxc3 13.Bd3 Na4 14.Be3 Nd7 15.Rc1
Ne5 16.Be2 Bd7 17.Nf3 Ng4 18.Bd4 O-O 19.h3 Nf6 20.Ne5 Rad8 21.Nxd7 Rxd7 22.Be5
Nxe4 23.Bb5 Rd5 24.Bxg7 Kxg7 25.Bxa4 Nf2 26.O-O Nd3 27.Rxf8 Kxf8 28.Rf1+ Ke7
29.c6 b6 30.Bc2 h6 31.c7 Kd7 32.Rf7+ Kc8 33.Rh7 h5 34.Bd1 Nf4 35.Bf3 Rd7
36.Rh8+ Kxc7 37.Bxh5 a5 38.Bf3 Rd3 39.h4 Rxa3 40.h5 Nxh5 41.Rxh5 a4 42.Rb5
Ra1+ 43.Kh2 a3 44.Kg3 a2 45.Rb2 Kd6 46.Rxb6+ Kc5 47.Ra6 Kd4 48.Bg4 {#r} 1-0

[Event "Tournament"]
[Site "masterchessopen.com URS"]
[Round "0"]
[White "Vladimirov Boris T (RUS)"]
[Black "Gerasimov Nikolay P (RUS)"]
[Result "1-0"]
[WhiteElo "2340"]
[BlackElo "2092"]

1.d4 Nf6 2.c4 e6 3.Nc3 Bb4 4.f3 d5 5.a3 Bxc3+ 6.bxc3 c5 7.cxd5 Nxd5 8.dxc5 f5
9.e4 fxe4 10.Qc2 O-O 11.fxe4 Qh4+ 12.g3 Qf6 13.Bg2 Nc7 14.Nf3 Qe7 15.O-O Qxc5+
16.Kh1 Nc6 17.a4 Qa5 18.Ba3 Rd8 19.e5 h6 20.Qg6 Nd5 21.Ng5 {#r} 1-0

[Event "?"]
[Site "masterchessopen.com URS"]
[Round "0"]
[White "Vladimirov Boris T (RUS)"]
[Black "Gerasimov N (RUS)"]
[Result "1-0"]
[WhiteElo "2340"]
[BlackElo "2355"]

1.d4 Nf6 2.c4 e6 3.Nc3 Bb4 4.a3 Bxc3+ 5.bxc3 c5 6.f3 d5 7.cxd5 Nxd5 8.dxc5 f5
9.e4 fxe4 10.Qc2 O-O 11.fxe4 Qh4+ 12.g3 Qf6 13.Bg2 Nc7 14.Nf3 Qe7 15.O-O Qxc5+
16.Kh1 Nc6 17.a4 Qa5 18.Ba3 Rd8 19.e5 h6 20.Qg6 Nd5 21.Ng5 {#r} 1-0

[Event "Ch Argentina"]
[Site "masterchessopen.com Buenos Aires (Argentina)"]
[Round "0"]
[White "Rubinetti Jorge (ARG)"]
[Black "Sanguinetti Raul (ARG)"]
[Result "0-1"]
[WhiteElo "2420"]
[BlackElo "2505"]

1.d4 Nf6 2.c4 e6 3.Nc3 Bb4 4.a3 Bxc3+ 5.bxc3 c5 6.f3 d5 7.cxd5 exd5 8.e3 O-O
9.Bd3 b6 10.Ne2 Ba6 11.Bxa6 Nxa6 12.O-O Nb8 13.Ng3 Nc6 14.Ra2 Qd7 15.Re2 cxd4
16.cxd4 Rac8 17.Bb2 Rfd8 18.Kh1 Na5 19.e4 Nc4 20.e5 Nxb2 21.Rxb2 Ne8 22.f4 f5
23.exf6 Nxf6 24.f5 Rc4 25.Rb3 Qa4 26.Rd3 Qxd1 27.Rfxd1 Rdc8 28.h3 Rc2 29.Kh2
Rf2 30.R1d2 Rxd2 31.Rxd2 Rc3 32.Ra2 Rd3 33.Ne2 Ne4 34.a4 Nd6 35.a5 b5 36.Rc2
Nc4 37.Nc3 Na3 38.Rc1 Rxd4 39.Nxd5 Rxd5 40.Rc8+ Kf7 41.Rc7+ Kf6 42.Rxa7 b4
{#R} 0-1

[Event "Olympiad URS"]
[Site "masterchessopen.com Moscow (Russia)"]
[Round "0"]
[White "Kataev Simcho (RUS)"]
[Black "Tavadian Hrachik (ARM)"]
[Result "0-1"]
[WhiteElo "2246"]
[BlackElo "2315"]

1.d4 Nf6 2.c4 e6 3.Nc3 Bb4 4.a3 Bxc3+ 5.bxc3 c5 6.f3 d5 7.cxd5 Nxd5 8.dxc5 Qa5
9.e4 Nf6 10.Qb3 Nc6 11.Bb5 Bd7 12.Bxc6 Bxc6 13.Qb4 Qa6 14.Ne2 O-O 15.Bf4 e5
16.Be3 Rad8 17.Kf2 Bxe4 18.fxe4 Ng4+ 19.Kf3 Qd3 20.Kxg4 Qxe2+ 21.Kh3 Qxe3+
22.g3 Qh6+ 23.Kg4 Qg6+ 24.Kf3 Qh5+ {#R} 0-1

[Event "Ch Iceland"]
[Site "masterchessopen.com Reykjavik (Iceland)"]
[Round "7"]
[White "Halldorsson Bragi (ISL)"]
[Black "Thorsteinsson Bjorn (ISL)"]
[Result "1-0"]
[WhiteElo "2198"]
[BlackElo "2214"]

1.d4 Nf6 2.c4 e6 3.Nc3 Bb4 4.a3 Bxc3+ 5.bxc3 c5 6.f3 d5 7.cxd5 exd5 8.e3 O-O
9.Bd3 b6 10.Ne2 Ba6 11.Bxa6 Nxa6 12.O-O Nb8 13.Ng3 Nc6 14.Ra2 Qd7 15.Rd2 cxd4
16.cxd4 Rfe8 17.Re1 h5 18.e4 h4 19.Nf5 Rad8 20.Bb2 g6 21.Nxh4 dxe4 22.fxe4
Rxe4 23.d5 Rxe1+ 24.Qxe1 Nxd5 25.Nf3 Re8 26.Qh4 Kf8 27.Ne5 Nxe5 28.Qh8+ Ke7
29.Qxe5+ Kf8 30.Qh8+ Ke7 31.Qe5+ Kf8 32.Rxd5 {#r} 1-0

[Event "?"]
[Site "masterchessopen.com corr."]
[Round "0"]
[White "Uimonen Matti (FIN)"]
[Black "Haggren Stig-Olof (FIN)"]
[Result "0-1"]
[WhiteElo "2098"]
[BlackElo "2009"]

1.d4 Nf6 2.c4 e6 3.Nc3 Bb4 4.f3 d5 5.a3 Bxc3+ 6.bxc3 c5 7.cxd5 Nxd5 8.dxc5 f5
9.Nh3 O-O 10.Qd3 Bd7 11.c4 Nf6 12.Nf2 Nc6 13.e4 Qa5+ 14.Bd2 Qxc5 15.Rb1 Rad8
16.Bb4 Nxb4 17.axb4 Qe5 18.Qe3 fxe4 19.f4 Qf5 20.Be2 e5 21.fxe5 Qxe5 22.O-O
Bf5 23.Ra1 a6 24.Ra5 Qe6 25.b5 Bg4 26.bxa6 Bxe2 27.Qxe2 e3 28.Nd1 bxa6 29.Ra3
Ng4 30.Rxf8+ Rxf8 31.Ra2 Rd8 32.h3 Qd6 33.Qxg4 Qxd1+ 34.Qxd1 Rxd1+ 35.Kh2 Rd6
36.Kg3 Re6 {#R} 0-1

[Event "It (open)"]
[Site "masterchessopen.com Caorle (Italy)"]
[Round "5"]
[White "Vallifuoco Giovanni (ITA)"]
[Black "Ubezio Marco (ITA)"]
[Result "0-1"]
[WhiteElo "2155"]
[BlackElo "2134"]

1.d4 Nf6 2.c4 e6 3.Nc3 Bb4 4.a3 Bxc3+ 5.bxc3 c5 6.f3 d5 7.cxd5 Nxd5 8.dxc5 f5
9.Nh3 O-O 10.c4 Nf6 11.Qxd8 Rxd8 12.Bf4 Na6 13.Bd6 Nd7 14.e4 fxe4 15.fxe4
Ndxc5 16.e5 Ne4 17.Be7 Rd7 18.Ng5 Nac5 19.Bxc5 Nxc5 20.Be2 h6 21.Nf3 b6 22.O-O
Ba6 23.Rfb1 Rad8 24.a4 Ne4 25.Bf1 g5 26.Re1 Nc5 27.h3 Nd3 28.Bxd3 Rxd3 29.a5
Bxc4 30.axb6 axb6 31.Ra7 b5 32.Nh2 h5 33.Nf3 g4 34.hxg4 hxg4 35.Re4 gxf3
36.Rg4+ Kf8 37.Rf4+ Ke8 38.Rh4 Rd1+ 39.Kf2 R1d2+ 40.Kg3 Rxg2+ 41.Kxf3 Bd5+
42.Kf4 Rg8 43.Rhh7 Ra8 44.Rhe7+ Kd8 45.Rxa8+ Bxa8 46.Rxe6 Kc7 47.Rf6 Bd5 48.e6
Kd6 {#R} 0-1

[Event "Bundesliga (2nd) 1980/81"]
[Site "masterchessopen.com Germany"]
[Round "0"]
[White "Bulthaupt Freerk Dr (GER)"]
[Black "Rhodin Bodo (GER)"]
[Result "0-1"]
[WhiteElo "2176"]
[BlackElo "2335"]

1.d4 Nf6 2.c4 e6 3.Nc3 Bb4 4.a3 Bxc3+ 5.bxc3 c5 6.f3 d5 7.cxd5 Nxd5 8.dxc5 f5
9.e4 fxe4 10.Qc2 O-O 11.fxe4 Qh4+ 12.g3 Qf6 13.Bg2 Nxc3 14.Nf3 Nxe4 15.O-O
Qxa1 16.Qxe4 Nc6 17.Be3 Qc3 18.Ng5 Rxf1+ 19.Bxf1 g6 20.Qf4 Qg7 21.Bc4 Bd7
22.Qh4 Rf8 23.Be2 h6 24.Ne4 g5 25.Qh5 Nd4 26.Bd1 Bc6 27.Nd2 Qf6 28.h4 Nf5
29.hxg5 hxg5 30.Bc2 Qa1+ 31.Bb1 Be4 32.Qg6+ Kh8 33.Qh5+ Kg7 34.Qxg5+ Kf7
35.Qh5+ Ke7 36.Bg5+ Kd7 37.c6+ Kxc6 38.Qe2 Qd4+ 39.Be3 Nxe3 40.Bxe4+ Nd5+
41.Kg2 Kc7 42.Nc4 b5 43.Nd2 Ne3+ 44.Kg1 Nc4+ {#R} 0-1

[Event "It \"]
[Site "masterchessopen.com New York (USA)"]
[Round "0"]
[White "Pupols Viktors (USA)"]
[Black "Wang Arthur D (USA)"]
[Result "1-0"]
[WhiteElo "2155"]
[BlackElo "2090"]

1.d4 Nf6 2.c4 e6 3.Nc3 Bb4 4.a3 Bxc3+ 5.bxc3 c5 6.f3 d5 7.cxd5 exd5 8.e3 c4
9.Ne2 Bf5 10.Nf4 O-O 11.g4 Bg6 12.h4 h6 13.Bg2 Bh7 14.O-O Nc6 15.g5 hxg5
16.hxg5 Ne8 17.e4 Nc7 18.e5 b5 19.Qe1 Ne6 20.Qg3 Nxf4 21.Bxf4 a5 22.Kf2 Bg6
23.Rh1 Qe7 24.Rae1 f6 25.gxf6 {#r} 1-0